PROBABILIDAD Y ESTADÍSTICA PARA INGENIEROS (Registro nro. 215392)
[ vista simple ]
| 000 -LEADER | |
|---|---|
| campo de control de longitud fija | 01134nam a2200325Ia 4500 |
| 005 - FECHA Y HORA DE LA ÚLTIMA TRANSACCIÓN | |
| campo de control | 20250425161742.0 |
| 008 - DATOS DE LONGITUD FIJA--INFORMACIÓN GENERAL | |
| campo de control de longitud fija | 250425s9999 xx 000 0 und d |
| 020 ## - NÚMERO INTERNACIONAL ESTÁNDAR DEL LIBRO | |
| Número Internacional Estándar del Libro | 9701702646 |
| 041 ## - CÓDIGO DE IDIOMA | |
| Código de lengua del texto/banda sonora o título independiente | spa |
| 043 ## - CÓDIGO DE ÁREA GEOGRÁFICA | |
| Código de área geográfica | mx |
| 082 ## - NÚMERO DE LA CLASIFICACIÓN DECIMAL DEWEY | |
| Número de clasificación | 519 |
| 010 ## - NÚMERO DE CONTROL DE LA BIBLIOTECA DEL CONGRESO | |
| Número de control de LC | 27610 |
| 100 ## - ENTRADA PRINCIPAL--NOMBRE DE PERSONA | |
| Nombre de persona | WALPOLE, RONALD E. |
| 245 #0 - MENCIÓN DEL TÍTULO | |
| Título | PROBABILIDAD Y ESTADÍSTICA PARA INGENIEROS |
| 250 ## - MENCION DE EDICION | |
| Mención de edición | 6A ED. |
| 260 ## - PUBLICACIÓN, DISTRIBUCIÓN, ETC. | |
| Lugar de publicación, distribución, etc. | MEXICO |
| 260 ## - PUBLICACIÓN, DISTRIBUCIÓN, ETC. | |
| Lugar de publicación, distribución, etc. | México |
| Nombre del editor, distribuidor, etc. | PRENTICE-HALL HISPANOAMERICANA, S.A. |
| Fecha de publicación, distribución, etc. | 1999 |
| 300 ## - DESCRIPCIÓN FÍSICA | |
| Extensión | 739 |
| 500 ## - NOTA GENERAL | |
| Nota general | Título Traducido: PROBABILITY AND STATISTICS FOR ENGINEERS AND SCIENTISTS |
| 520 ## - RESUMEN, ETC. | |
| Sumario, etc. | EN ESTE TEXTO SE DESTACA LA TEORIA ESTADISTICA Y SE HACE UN ENFASIS APROPIADO EN EL ANALISIS DE DATOS, EL CALCULO ESTADISTICO Y LA MEJORA DE LA CALIDAD.CONTIENE: INTRODUCCION A LA ESTADISTICA Y EL ANALISIS DE DATOS. PROBABILIDAD. VARIABLES ALEATORIAS Y |
| 650 ## - PUNTO DE ACCESO ADICIONAL DE MATERIA--TÉRMINO DE MATERIA | |
| Término de materia o nombre geográfico como elemento de entrada | ANALISIS DE REGRESION |
| 650 ## - PUNTO DE ACCESO ADICIONAL DE MATERIA--TÉRMINO DE MATERIA | |
| Término de materia o nombre geográfico como elemento de entrada | ANALISIS ESTADISTICO |
| 650 ## - PUNTO DE ACCESO ADICIONAL DE MATERIA--TÉRMINO DE MATERIA | |
| Término de materia o nombre geográfico como elemento de entrada | ESTADISTICAS-MATEMATICAS |
| 650 ## - PUNTO DE ACCESO ADICIONAL DE MATERIA--TÉRMINO DE MATERIA | |
| Término de materia o nombre geográfico como elemento de entrada | MUESTREO |
| 650 ## - PUNTO DE ACCESO ADICIONAL DE MATERIA--TÉRMINO DE MATERIA | |
| Término de materia o nombre geográfico como elemento de entrada | PROBABILIDAD |
| 700 ## - ENTRADA AGREGADA--NOMBRE PERSONAL | |
| Nombre de persona | MYERS, RAYMOND H. |
| 700 ## - ENTRADA AGREGADA--NOMBRE PERSONAL | |
| Nombre de persona | MYERS, SHARON L. |
| 700 ## - ENTRADA AGREGADA--NOMBRE PERSONAL | |
| Nombre de persona | RICARDO RUIZ |
| Término indicativo de función/relación | traductor |
| 942 ## - ELEMENTOS DE ENTRADA SECUNDARIOS (KOHA) | |
| Tipo de ítem Koha | Libros |
| Estatus retirado | Estado de pérdida | Estado de daño | No para préstamo | Biblioteca de origen | Biblioteca actual | Ubicación en estantería | Fecha de adquisición | Coste, precio normal de compra | Etiqueta RFID | Total de préstamos | Código de barras | Copia número | Tipo de ítem Koha | Nota pública | Visto por última vez | Fecha del último préstamo | Fuente de la clasificación o esquema de estantería |
|---|---|---|---|---|---|---|---|---|---|---|---|---|---|---|---|---|---|
| CENTRO DE INFORMACIÓN BIBLIOTECARIA | CENTRO DE INFORMACIÓN BIBLIOTECARIA | 20/09/2004 | 19.00 | 0000000000000000008830 | 39119 | 1 | Libros | ||||||||||
| CENTRO DE INFORMACIÓN BIBLIOTECARIA | CENTRO DE INFORMACIÓN BIBLIOTECARIA | 16/09/2004 | 20.00 | 0000000000000000008837 | D-32139 | 30 | Libros | ||||||||||
| CENTRO DE INFORMACIÓN BIBLIOTECARIA | CENTRO DE INFORMACIÓN BIBLIOTECARIA | 16/07/2005 | 25.00 | 0000000000000000008826 | 1 | 48859 | 6 | Libros | 07/11/2025 | 31/10/2025 | |||||||
| CENTRO DE INFORMACIÓN BIBLIOTECARIA | CENTRO DE INFORMACIÓN BIBLIOTECARIA | 16/07/2005 | 25.00 | 0000000000000000008836 | 48862 | 9 | Libros | Clasificación Decimal Dewey | |||||||||
| CENTRO DE INFORMACIÓN BIBLIOTECARIA | CENTRO DE INFORMACIÓN BIBLIOTECARIA | 16/07/2005 | 25.00 | 0000000000000000008827 | 48863 | 10 | Libros | ||||||||||
| CENTRO DE INFORMACIÓN BIBLIOTECARIA | CENTRO DE INFORMACIÓN BIBLIOTECARIA | 16/07/2005 | 25.00 | 0000000000000000008835 | 2 | 48864 | 11 | Libros | 19/06/2025 | 11/06/2025 | |||||||
| ESCUELA DE NEGOCIOS | ESCUELA DE NEGOCIOS | 09/07/2001 | 19.00 | CP-00936 | 32 | COMPRA | |||||||||||
| FACULTAD DE INGENIERIA MECANICA Y CIENCIAS DE LA PRODUCCION | FACULTAD DE INGENIERIA MECANICA Y CIENCIAS DE LA PRODUCCION | 07/11/2005 | 47.00 | 50466 | 13 |